[Event "Africa zt 4.2 op"]
[Site "Dimbokro"]
[Date "2023.03.29"]
[Round "6"]
[White "Egbe, Kossi Thierry"]
[Black "Kolliemelen, Daniel"]
[Result "0-1"]
[WhiteElo "1740"]
[BlackElo "1805"]
[PlyCount "160"]
[EventDate "2023.03.25"]
[EventType "swiss"]
[EventRounds "9"]
[EventCountry "IVO"]
[SourceTitle "CBM 213 Extra"]
[Source "ChessBase"]
[SourceDate "2023.05.31"]
[SourceVersion "1"]
[SourceVersionDate "2023.05.31"]
[SourceQuality "1"]

1. e4 e6 2. d4 d5 3. exd5 exd5 4. c4 c6 5. Nc3 Nf6 6. Nf3 Be7 7. cxd5 cxd5 8. h3 0-0 9. Bd3 Re8 10. 0-0 Nbd7 11. Bf4 a6 12. Rc1 Nf8 13. Na4 Ne6 14. Bh2 Bd7 15. Re1 Qa5 16. Nc3 Bb4 17. a3 Bxc3 18. Rxc3 Rec8 19. b4 Qb6 20. Qd2 Rxc3 21. Qxc3 Rc8 22. Qd2 Bc6 23. Bf5 Re8 24. Bxe6 fxe6 25. Ne5 Ba4 26. Rc1 Rf8 27. f3 Qd8 28. Qc3 Nd7 29. Qc7 Qg5 30. f4 Qd8 31. Qxb7 Nxe5 32. dxe5 Qa8 33. Qxa8 Rxa8 34. Rc7 d4 35. Bg3 Bb3 36. Kf1 d3 37. Be1 Rd8 38. Bd2 Rd4 39. Kf2 Re4 40. Be3 Bc4 41. Rd7 Bb5 42. Rd6 Kf7 43. Kf3 Rc4 44. Rxd3 Rc2 45. Rd6 Bc6+ 46. Rxc6 Rxc6 47. Bc5 a5 48. g4 axb4 49. axb4 Ra6 50. Be3 g6 51. b5 Ra4 52. b6 Rb4 53. h4 h5 54. gxh5 gxh5 55. Ke2 Ke8 56. Kd2 Kd7 57. Kc3 Re4 58. Kd3 Rb4 59. Bd4 Kc6 60. Ke4 Ra4 61. Kd3 Kd5 62. Kc3 Ra3+ 63. Kb4 Ra8 64. Bc5 Kc6 65. Be7 Kxb6 66. Bg5 Kc6 67. Kb3 Kd5 68. Kb4 Rc8 69. Kb5 Ke4 70. Kb4 Kf5 71. Kb5 Rc3 72. Kb4 Rf3 73. Kc4 Rxf4+ 74. Bxf4 Kxf4 75. Kd4 Kf5 76. Ke3 Kxe5 77. Kf3 Kf5 78. Kg3 Ke4 79. Kg2 Kf4 80. Kf2 e5 0-1

[Event "Africa zt 4.2 op"]
[Site "Dimbokro"]
[Date "2023.03.26"]
[Round "2"]
[White "Egbe, Kossi Thierry"]
[Black "Mambe, Lobognon Anderson"]
[Result "1-0"]
[WhiteElo "1740"]
[BlackElo "1916"]
[PlyCount "73"]
[EventDate "2023.03.25"]
[EventType "swiss"]
[EventRounds "9"]
[EventCountry "IVO"]
[SourceTitle "CBM 213 Extra"]
[Source "ChessBase"]
[SourceDate "2023.05.31"]
[SourceVersion "1"]
[SourceVersionDate "2023.05.31"]
[SourceQuality "1"]

1. e4 g6 2. f4 e5 3. Nf3 exf4 4. d4 g5 5. Bc4 d6 6. h4 Be7 7. Nxg5 Bxg5 8. Qh5 Qe7 9. hxg5 Qxe4+ 10. Kf1 Be6 11. Bxe6 Qxe6 12. Bxf4 Qf5 13. Qe2+ Ne7 14. g3 Nbc6 15. c3 0-0-0 16. Nd2 Rde8 17. Nf3 Nd5 18. Qd2 Ne3+ 19. Kg1 Nc4 20. Qf2 Re7 21. Kg2 Rg8 22. Rae1 Nb6 23. Rxe7 Nxe7 24. Re1 Ned5 25. Bc1 f6 26. gxf6 Qxf6 27. Nh4 Kd7 28. Qxf6 Nxf6 29. Nf5 Nc8 30. Kf3 d5 31. Bf4 Ne4 32. Rh1 Ke6 33. Ne3 Rg7 34. Nxd5 Nxg3 35. Nxc7+ Rxc7 36. Rh6+ Kf5 37. Bxc7 1-0

[Event "Olympiad-44"]
[Site "Chennai"]
[Date "2022.08.01"]
[Round "4.2"]
[White "Brookfield, Toby"]
[Black "Egbe, Kossi Thierry"]
[Result "1-0"]
[WhiteElo "1815"]
[BlackElo "1703"]
[PlyCount "119"]
[EventDate "2022.07.29"]
[EventType "team-swiss"]
[EventRounds "11"]
[EventCountry "IND"]
[SourceTitle "CBM 210"]
[Source "ChessBase"]
[SourceDate "2022.10.31"]
[SourceVersion "1"]
[SourceVersionDate "2022.10.31"]
[SourceQuality "1"]
[WhiteTeam "Guernsey"]
[BlackTeam "Togo"]
[WhiteTeamCountry "GCI"]
[BlackTeamCountry "TOG"]

1. e4 e5 2. d4 exd4 3. Qxd4 Nc6 4. Qe3 Nf6 5. Nc3 Bb4 6. Bd2 0-0 7. 0-0-0 Re8 8. Qg3 Nxe4 9. Nxe4 Rxe4 10. Bxb4 Rxb4 11. a3 Rb6 12. Ne2 d5 13. Nc3 Ne7 14. Bd3 c5 15. Rhe1 Be6 16. f4 Rc8 17. f5 Bxf5 18. Bxf5 Nxf5 19. Qh3 Nd4 20. Nxd5 Re6 21. Rxe6 fxe6 22. Nf4 e5 23. Nd5 Rc6 24. Nc3 b5 25. Qd3 b4 26. Qc4+ Kh8 27. Ne4 Qg8 28. Qxg8+ Kxg8 29. axb4 cxb4 30. c3 bxc3 31. bxc3 Nb5 32. Kc2 Rc4 33. Kd3 Rc7 34. Rf1 h6 35. Rf5 Re7 36. Kc4 a6 37. Kd5 Rd7+ 38. Kxe5 Re7+ 39. Kd5 Rxe4 40. Kxe4 Nd6+ 41. Ke5 Nxf5 42. Kxf5 Kf7 43. Ke5 Ke7 44. Kd5 Kd7 45. Kc5 Kc7 46. g4 g5 47. c4 Kb7 48. Kd6 a5 49. Kc5 Kc7 50. Kb5 Kd6 51. c5+ Kd7 52. Kxa5 Kc7 53. Kb5 Kb7 54. c6+ Kc8 55. Kb6 Kb8 56. c7+ Kc8 57. Kc6 h5 58. gxh5 g4 59. h6 g3 60. h7 1-0

[Event "Francophonie-chT Rapid"]
[Site "Tornelo INT"]
[Date "2022.06.05"]
[Round "10.14"]
[White "Egbe, Kossi Thierry"]
[Black "Hassan Sidi, Mohamed Cheikh"]
[Result "0-1"]
[WhiteElo "1703"]
[BlackElo "1825"]
[PlyCount "54"]
[EventDate "2022.06.04"]
[EventType "team-swiss (rapid)"]
[EventRounds "11"]
[EventCountry "FRA"]
[SourceTitle "CBM 208 Extra"]
[Source "ChessBase"]
[SourceDate "2022.07.31"]
[SourceVersion "1"]
[SourceVersionDate "2022.07.31"]
[SourceQuality "1"]
[WhiteTeam "Togo II"]
[BlackTeam "Mauritania II"]
[WhiteTeamCountry "TOG"]
[BlackTeamCountry "MAU"]

1. e4 e5 2. Nf3 Nc6 3. Bc4 Nf6 4. 0-0 Nxe4 5. d4 d5 6. Re1 exd4 7. Nxd4 Bc5 8. Bxd5 Qxd5 9. Nc3 Qxd4 10. Rxe4+ Be6 11. Rxd4 Nxd4 12. Na4 0-0-0 13. Nxc5 Nb3 14. Qf3 Nxc5 15. Be3 Rd5 16. Bxc5 Rxc5 17. Qe3 b6 18. c3 Rd8 19. h3 g6 20. Re1 h5 21. f4 a5 22. a3 Rcd5 23. Re2 Rd3 24. Qe4 Kb8 25. Qe5 R3d5 26. Qg7 Kb7 27. Qxf7 Bxf7 0-1

[Event "Francophonie-chT Rapid"]
[Site "Tornelo INT"]
[Date "2022.06.04"]
[Round "1.9"]
[White "Strovsky, Mikhail"]
[Black "Egbe, Kossi Thierry"]
[Result "1-0"]
[WhiteElo "2158"]
[BlackElo "1703"]
[PlyCount "113"]
[EventDate "2022.06.04"]
[EventType "team-swiss (rapid)"]
[EventRounds "11"]
[EventCountry "FRA"]
[SourceTitle "CBM 208 Extra"]
[Source "ChessBase"]
[SourceDate "2022.07.31"]
[SourceVersion "1"]
[SourceVersionDate "2022.07.31"]
[SourceQuality "1"]
[WhiteTeam "Togo"]
[BlackTeam "Togo II"]
[WhiteTeamCountry "TOG"]
[BlackTeamCountry "TOG"]

1. e4 e5 2. Nf3 Nc6 3. Bc4 Be7 4. d4 exd4 5. Nxd4 Nf6 6. Nxc6 dxc6 7. Qxd8+ Bxd8 8. Nc3 h5 9. h3 Be6 10. Bxe6 fxe6 11. Bf4 0-0 12. Bg3 Nd7 13. 0-0-0 Rf7 14. f3 h4 15. Bf2 Bg5+ 16. Kb1 b6 17. Rhe1 Nf8 18. Be3 Bxe3 19. Rxe3 Ng6 20. Ne2 c5 21. Red3 Raf8 22. Rd8 Ne5 23. Rxf8+ Rxf8 24. b3 g5 25. c4 Kf7 26. Kc2 Ke7 27. Nc1 Nc6 28. Ne2 Nb4+ 29. Kb2 Rd8 30. Rxd8 Kxd8 31. Nc1 Kd7 32. Kc3 Kd6 33. a3 Nc6 34. Nd3 Ne5 35. Nf2 c6 36. a4 a6 37. Nd3 Nxd3 38. Kxd3 Ke5 39. Ke3 b5 40. Kd3 Kf4 41. Ke2 e5 42. Kf2 bxc4 43. bxc4 a5 44. Ke2 Kg3 45. Kf1 Kf4 46. Kf2 g4 47. hxg4 Kg5 48. Kg1 Kh6 49. Kh2 Kg6 50. Kh3 Kg5 51. g3 hxg3 52. Kxg3 Kf6 53. Kh4 Kg6 54. g5 Kf7 55. Kh5 Kg7 56. g6 Kg8 57. Kg5 1-0